| 000 | 00461nam a2200181Ia 4500 | ||
|---|---|---|---|
| 003 | LK-CoDNM | ||
| 008 | 010623t1899 xxu||||| |||| 00| 1 eng d | ||
| 040 |
_aLK-CoDNM _dLK-CoDNM _eLK-CoDNM |
||
| 041 | _aeng | ||
| 080 |
_a50 _bA 8 |
||
| 245 | _aCalendar of the Ceylon Medical College,1899-1900 | ||
| 260 |
_bJeorge J.A.Skeen _aColombo _c1899 |
||
| 300 | _b31P., 23 cm | ||
| 650 | _aGuide to Students | ||
| 650 | _aHospitals | ||
| 650 | _aPrizes | ||
| 942 | _cBK | ||
| 999 |
_c84740 _d84740 |
||